News writing and reporting for today's media/ (Record no. 1864)

000 -LEADER
fixed length control field 01421cam a2200361 a 4500
001 - CONTROL NUMBER
control field 14217718
003 - CONTROL NUMBER IDENTIFIER
control field OSt
005 - DATE AND TIME OF LATEST TRANSACTION
control field 20150612093556.0
008 - FIXED-LENGTH DATA ELEMENTS--GENERAL INFORMATION
fixed length control field 060103s2007 maua 001 0 eng
010 ## - LIBRARY OF CONGRESS CONTROL NUMBER
LC control number 2006041887
020 ## - INTERNATIONAL STANDARD BOOK NUMBER
International Standard Book Number 9780072981094 (softcover : alk. paper)
020 ## - INTERNATIONAL STANDARD BOOK NUMBER
International Standard Book Number 0072981091 (softcover : alk. paper)
040 ## - CATALOGING SOURCE
Original cataloging agency DLC
Transcribing agency DLC
Modifying agency DLC
042 ## - AUTHENTICATION CODE
Authentication code pcc
050 00 - LIBRARY OF CONGRESS CALL NUMBER
Classification number PN4781.I78 2007
100 1# - MAIN ENTRY--PERSONAL NAME
Personal name Itule, Bruce D.,
Dates associated with a name 1947-
245 10 - TITLE STATEMENT
Title News writing and reporting for today's media/
Statement of responsibility, etc Bruce D. Itule, Douglas A. Anderson.
250 ## - EDITION STATEMENT
Edition statement 7th ed.
260 ## - PUBLICATION, DISTRIBUTION, ETC. (IMPRINT)
Place of publication, distribution, etc Boston :
Name of publisher, distributor, etc McGraw-Hill,
Date of publication, distribution, etc c2007.
300 ## - PHYSICAL DESCRIPTION
Extent xviii, 484 p. :
Other physical details ill. ;
Dimensions 24 cm.
500 ## - GENERAL NOTE
General note Includes index.
650 #0 - SUBJECT ADDED ENTRY--TOPICAL TERM
Topical term or geographic name as entry element Reporters and reporting.
650 #0 - SUBJECT ADDED ENTRY--TOPICAL TERM
Topical term or geographic name as entry element Journalism
General subdivision Authorship.
650 #0 - SUBJECT ADDED ENTRY--TOPICAL TERM
Topical term or geographic name as entry element Mass media
General subdivision Authorship.
650 #0 - SUBJECT ADDED ENTRY--TOPICAL TERM
Topical term or geographic name as entry element Report writing.
700 1# - ADDED ENTRY--PERSONAL NAME
Personal name Anderson, Douglas A.
856 42 - ELECTRONIC LOCATION AND ACCESS
Materials specified Publisher description
Uniform Resource Identifier <a href="http://www.loc.gov/catdir/enhancements/fy0629/2006041887-d.html">http://www.loc.gov/catdir/enhancements/fy0629/2006041887-d.html</a>
856 41 - ELECTRONIC LOCATION AND ACCESS
Materials specified Table of contents only
Uniform Resource Identifier <a href="http://www.loc.gov/catdir/enhancements/fy0629/2006041887-t.html">http://www.loc.gov/catdir/enhancements/fy0629/2006041887-t.html</a>
856 42 - ELECTRONIC LOCATION AND ACCESS
Materials specified Contributor biographical information
Uniform Resource Identifier <a href="http://www.loc.gov/catdir/enhancements/fy0737/2006041887-b.html">http://www.loc.gov/catdir/enhancements/fy0737/2006041887-b.html</a>
906 ## - LOCAL DATA ELEMENT F, LDF (RLIN)
a 7
b cbc
c orignew
d 1
e ocip
f 20
g y-gencatlg
942 ## - ADDED ENTRY ELEMENTS (KOHA)
Source of classification or shelving scheme
Koha item type Book
Holdings
Withdrawn status Lost status Source of classification or shelving scheme Damaged status Not for loan Home library Current library Shelving location Date acquired Total Checkouts Total Renewals Full call number Barcode Date last seen Date checked out Copy number Price effective from Koha item type
          Riara University Library Riara University Library General stack 12/06/2015 17 1 PN 4781 .I78 2007 6401/15 05/12/2022 09/05/2022 C.1 12/06/2015 Book
          Riara University Library Riara University Library General stack 12/06/2015 11 1 PN 4781 .I78 2007 6402/15 15/12/2023 14/08/2023 C.2 12/06/2015 Book
          Riara University Library Riara University Library General stack 12/06/2015 9   PN 4781 .I78 2007 6403/15 26/07/2022 12/07/2022 C.3 12/06/2015 Book

Riara University Library,
P.O. Box 49940-00100,
Nairobi, Kenya.